000 01176nam a22003737a 4500
001 0036746
003 KOHA_MİRAKIL
005 20260207003016.0
007 ta
008 150624b2010 tu |||gr||||#||||0|tur |
020 _a9789755918136
_c8,97
040 _aTR-BiSEU
_btur
_cTR-BiSEU
_erda
041 0 _atur
044 _ctu
050 _aHF5415
_b.C34 2010
100 1 _aÇağlar, İrfan.
245 1 _aPazarlama/
_cİrfan Çağlar ; İrfan Çağlar, Sabiha Kılıç.
250 _a 1. Baskı
264 1 _aAnkara :
_bNobel
_c2010
300 _a242 sayfa; 24 cm.
336 _ametin
_btxt
_2rdacontent
337 _aaracısız
_bn
_2rdamedia
338 _acilt
_bnc
_2rdacarrier
490 1 _aNobel yayın no ;
_v828.
490 1 _a Yüksekokul ders kitapları dizisi ;
_v4.
490 1 _a MESTEK (Mesleki ve Teknik Yayınlar Serisi) seri no ;
_v4.
500 _aKaynakça var.
650 0 _aPazarlama.
_92020
650 0 _aMarketing.
_92838
830 1 _aNobel yayın no ;
_v828.
_91940
830 1 _a Yüksekokul ders kitapları dizisi ;
_v4.
_969424
830 1 _a MESTEK (Mesleki ve Teknik Yayınlar Serisi) seri no ;
_v4.
_969425
942 _2lcc
_cBK
999 _c36633
_d36633